00865nam a2200265 4500003000400000005001700004008004100021040001800062050002100080100003500101240002700136245008100163250002100244264003500265300004200300336002200342337002400364338002400388650004600412650002100458700004200479700004900521942001200570999001700582OSt20260530113856.0260422b2007 spaa|||| |||| 00| 0 spa d aICIbspacICI aZ246bA5518 20071 aAmbrose, Gavin,d autor931717 aTypography.lEspañol10a Tipografía /cAmbrose, Paul Harris ; traducción, Eva María Jaime Rius asegunda edicion  1bParramón,c2007aBarcelona : a176 páginasbilustraciones c23 cm. atexto2rdacontent asin medio2rdamedia avolumen2rdacarrier a Diseño gráfico (Tipografía)931718 a Imprenta910165 a Harris, Paul, d1971- eautor931719 aaime i Rius, Eva María, etraductor931720 2lcccBK c11615d11615